| 000 | 00427nam a22001577a 4500 | ||
|---|---|---|---|
| 005 | 20260226170645.0 | ||
| 008 | 260226b |||||||| |||| 00| 0 eng d | ||
| 041 | _aeng | ||
| 082 | _a520.954-CHA-S | ||
| 100 |
_aKHAN ,AHMAD SAEED _98869 |
||
| 245 | _aA BIBLOGRAPHY OF THE WORKS OF ABU'L-RAIHANAL-BIRUNI | ||
| 260 |
_aNEW DELHI _bINDIAN NATIONAL SCIENCE ACADEMY _c1982 |
||
| 300 | _a77;p | ||
| 650 |
_aBGP _98859 |
||
| 942 | _cBK | ||
| 999 |
_c9044 _d9042 |
||